Statistics for French -re Verbs

Click here to take the quiz!

General Stats

  • This quiz has been taken 35 times
  • The average score is 47 of 60

Answer Stats

InfinitivePronounConjugation% Correct
AttendreIl/Elle/Onattend
100%
AttendreIls/Ellesattendent
92%
AttendreVousattendez
92%
AttendreNousattendons
92%
AttendreJeattends
92%
AttendreTuattends
92%
DireJedis
92%
DireTudis
92%
DireNousdisons
92%
DireIl/Elle/Ondit
92%
DireIls/Ellesdisent
85%
PrendreIl/Elle/Onprend
85%
PrendreJeprends
85%
PrendreTuprends
85%
PrendreVousprenez
85%
PrendreNousprenons
85%
BoireTubois
77%
BoireJebois
77%
BoireIl/Elle/Onboit
77%
DireVousdites
77%
ÉcrireTuécris
77%
ÉcrireJeécris
77%
ÉcrireIl/Elle/Onécrit
77%
ÉcrireIls/Ellesécrivent
77%
ÉcrireVousécrivez
77%
ÉcrireNousécrivons
77%
FaireJefais
77%
FaireTufais
77%
FaireNousfaisons
77%
FaireIl/Elle/Onfait
77%
FaireVousfaites
77%
MettreIl/Elle/Onmet
77%
MettreJemets
77%
MettreTumets
77%
MettreIls/Ellesmettent
77%
MettreVousmettez
77%
MettreNousmettons
77%
PrendreIls/Ellesprennent
77%
TraduireJetraduis
77%
TraduireTutraduis
77%
TraduireIl/Elle/Ontraduit
77%
VendreIl/Elle/Onvend
77%
VendreIls/Ellesvendent
77%
VendreVousvendez
77%
VendreNousvendons
77%
VendreJevends
77%
VendreTuvends
77%
BoireIls/Ellesboivent
69%
BoireVousbuvez
69%
BoireNousbuvons
69%
ConnaîtreJeconnais
69%
ConnaîtreTuconnais
69%
ConnaîtreIls/Ellesconnaissent
69%
ConnaîtreVousconnaissez
69%
ConnaîtreNousconnaissons
69%
ConnaîtreIl/Elle/Onconnaît
69%
FaireIls/Ellesfont
69%
TraduireIls/Ellestraduisent
69%
TraduireVoustraduisez
69%
TraduireNoustraduisons
69%

Score Distribution

Percentile by Number Answered

Percent of People with Each Score

Your Score History

You have not taken this quiz